[Event "It (open)"]
[Site "masterchessopen.com Montreal (Canada)"]
[Round "0"]
[White "Yanofsky D A (CAN)"]
[Black "Mednis Edmar J (USA)"]
[Result "1-0"]
[WhiteElo "2410"]
[BlackElo "2381"]

1.e4 c5 2.Nf3 Nc6 3.d4 cxd4 4.Nxd4 Nf6 5.Nc3 d6 6.Bg5 e6 7.Qd2 a6 8.O-O-O h6
9.Bh4 Nxe4 10.Qf4 Ng5 11.Nxc6 bxc6 12.Qa4 Qb6 13.Bc4 Bd7 14.Rhe1 Rb8 15.Bb3 d5
16.Qg4 Nh7 17.f4 Nf6 18.Bxf6 gxf6 19.f5 e5 20.Qg3 Bd6 21.Ne4 dxe4 22.Rxd6 Ke7
23.Red1 Bxf5 24.Qg7 {#r} 1-0

[Event "Ch Uzbekistan"]
[Site "masterchessopen.com Tashkent (Uzbekistan)"]
[Round "0"]
[White "Nadjezhdin Dmitry (RUS)"]
[Black "Boleslavsky Isaac (RUS)"]
[Result "0-1"]
[WhiteElo "2300"]
[BlackElo "2560"]

1.e4 c5 2.Nf3 Nc6 3.d4 cxd4 4.Nxd4 Nf6 5.Nc3 d6 6.Bg5 e6 7.Qd2 a6 8.O-O-O h6
9.Bf4 Bd7 10.Bg3 Be7 11.Be2 Nxd4 12.Qxd4 e5 13.Qd3 Qc7 14.f4 O-O 15.f5 Bc6
16.Bf2 Rfc8 17.h4 b5 18.Rd2 Qa5 19.a3 b4 20.Nd5 Bxd5 21.exd5 Rc3 {#R} 0-1

[Event "It (open)"]
[Site "masterchessopen.com Brunnen (Germany)"]
[Round "0"]
[White "Hindle Owen M (ENG)"]
[Black "Kestler Hans-Guenther (GER)"]
[Result "0-1"]
[WhiteElo "2355"]
[BlackElo "2323"]

1.e4 c5 2.Nf3 d6 3.d4 cxd4 4.Nxd4 Nf6 5.Nc3 Nc6 6.Bg5 e6 7.Qd2 a6 8.O-O-O h6
9.Bh4 Nxe4 10.Qf4 Ng5 11.Nxc6 bxc6 12.Ne4 d5 13.Bxg5 hxg5 14.Nxg5 Qf6 15.Qe3
Be7 16.f4 e5 17.g3 exf4 18.gxf4 Rh4 19.Rd4 c5 20.Rxd5 Qxf4 21.Re5 Ra7 22.Bg2
Kf8 23.Qxf4 Rxf4 24.Bd5 Bf5 25.Rhe1 Rf2 26.Nf3 Bxc2 27.Rh5 g6 28.Rh7 Bd6
29.Nd2 Bf4 {#R} 0-1

[Event "It"]
[Site "masterchessopen.com Athens (Greece)"]
[Round "0"]
[White "Parma Bruno (SLO)"]
[Black "Mihaljcisin Mihajlo (SRB)"]
[Result "1-0"]
[WhiteElo "2480"]
[BlackElo "2280"]

1.e4 c5 2.Nf3 Nc6 3.d4 cxd4 4.Nxd4 Nf6 5.Nc3 d6 6.Bg5 e6 7.Qd2 a6 8.O-O-O h6
9.Bf4 Bd7 10.Nxc6 Bxc6 11.f3 d5 12.Qe1 Bb4 13.a3 Ba5 14.b4 Bb6 15.exd5 Nxd5
16.Nxd5 Bxd5 17.c4 Rc8 18.Kb1 O-O 19.cxd5 Qd7 20.Be5 Qa4 21.Bb2 Rc2 22.Bd3
Rxg2 23.Qe4 {#r} 1-0

[Event "Ch Sweden"]
[Site "masterchessopen.com Sweden"]
[Round "0"]
[White "Kinnmark Ove (SWE)"]
[Black "Johansson Mikael (SWE)"]
[Result "1-0"]
[WhiteElo "2279"]
[BlackElo "2284"]

1.e4 c5 2.Nf3 Nc6 3.d4 cxd4 4.Nxd4 Nf6 5.Nc3 d6 6.Bg5 e6 7.Qd2 a6 8.O-O-O h6
9.Bxf6 Qxf6 10.Nb3 Qd8 11.Kb1 Bd7 12.f4 Be7 13.g3 Rc8 14.Ne2 Qc7 15.Bh3 a5
16.f5 exf5 17.Nc3 a4 18.Nd5 Qd8 19.Nd4 Bg5 20.Qf2 O-O 21.Bxf5 Bxf5 22.Nxf5 a3
23.h4 Be7 24.e5 axb2 25.exd6 Bxd6 26.Nb6 {#r} 1-0

[Event "Ch Sweden"]
[Site "masterchessopen.com Sweden"]
[Round "0"]
[White "Olsson Ake (SWE)"]
[Black "Andersson Bengt (SWE)"]
[Result "0-1"]
[WhiteElo "2255"]
[BlackElo "2140"]

1.e4 c5 2.Nf3 Nc6 3.d4 cxd4 4.Nxd4 Nf6 5.Nc3 d6 6.Bg5 e6 7.Qd2 a6 8.Be2 Nxd4
9.Qxd4 Be7 10.O-O-O Bd7 11.f4 Bc6 12.Bf3 O-O 13.h4 h6 14.Bxf6 Bxf6 15.Qxd6 Qa5
16.e5 Rfd8 17.Qa3 Qxa3 18.bxa3 Be7 19.Kb2 Bxf3 20.gxf3 f5 21.h5 Rxd1 22.Rxd1
Rd8 23.Rxd8+ Bxd8 24.Ne2 g6 25.Nd4 Bb6 26.Kc3 gxh5 27.Ne2 h4 28.Kd2 Bf2 {#R}
0-1

[Event "Ch DDR (w)"]
[Site "masterchessopen.com Potsdam (Germany)"]
[Round "13"]
[White "Burchardt Brigitte (GER)"]
[Black "Espig Gesine (GER)"]
[Result "1-0"]
[WhiteElo "2224"]
[BlackElo "2009"]

1.e4 c5 2.Nf3 Nc6 3.d4 cxd4 4.Nxd4 d6 5.Nc3 Nf6 6.Bg5 e6 7.Qd2 a6 8.Bc4 Ne5
9.Bb3 b5 10.a3 Bb7 11.O-O Ned7 12.Rae1 Be7 13.Bxe6 Nc5 14.Bd5 O-O 15.Bxb7 Nxb7
16.Nc6 Qc7 17.Nxe7+ Qxe7 18.Nd5 Qd8 19.Bxf6 gxf6 20.Qh6 {#r} 1-0

[Event "It (w)"]
[Site "masterchessopen.com Halle (Germany)"]
[Round "0"]
[White "Levitina Irina S (USA)"]
[Black "Camin Gesine"]
[Result "1-0"]
[WhiteElo "2405"]
[BlackElo "1945"]

1.e4 c5 2.Nf3 Nc6 3.d4 cxd4 4.Nxd4 Nf6 5.Nc3 d6 6.Bg5 e6 7.Qd2 a6 8.O-O-O Be7
9.f4 Qc7 10.Nf3 O-O 11.Bxf6 Bxf6 12.g4 Qa5 13.Kb1 Qb4 14.e5 dxe5 15.g5 Be7
16.fxe5 Qg4 17.Qe3 Bb4 18.Rg1 Qh5 19.Rg3 Bxc3 20.Qxc3 g6 21.Rh3 {#r} 1-0

[Event "?"]
[Site "masterchessopen.com Orense (Spain)"]
[Round "0"]
[White "Tarjan James E (USA)"]
[Black "Gheorghiu Florin (ROM)"]
[Result "0-1"]
[WhiteElo "2525"]
[BlackElo "2540"]

1.e4 c5 2.Nf3 Nc6 3.d4 cxd4 4.Nxd4 Nf6 5.Nc3 d6 6.Bg5 e6 7.Qd2 a6 8.O-O-O h6
9.Be3 Bd7 10.f4 b5 11.a3 Qb8 12.Be2 b4 13.axb4 Qxb4 14.e5 dxe5 15.Nxc6 Bxc6
16.fxe5 Rb8 17.b3 Qa5 18.Qd4 Nd7 19.Ne4 Ba3+ 20.Kb1 Qxe5 21.Bf3 O-O 22.Nf6+
Qxf6 23.Bxc6 Ne5 24.Ba4 Rbc8 25.Qe4 Nf3 26.Bc1 Bxc1 27.Rxc1 Nd2+ {#R} 0-1

[Event "Olympiad URS"]
[Site "masterchessopen.com Riga (Latvia)"]
[Round "0"]
[White "Vitolins Alvis (LAT)"]
[Black "Shakarov A"]
[Result "1-0"]
[WhiteElo "2435"]
[BlackElo "2200"]

1.e4 c5 2.Nf3 Nc6 3.d4 cxd4 4.Nxd4 Nf6 5.Nc3 d6 6.Bg5 e6 7.Qd2 a6 8.O-O-O h6
9.Be3 Bd7 10.f3 b5 11.Bd3 b4 12.Nce2 d5 13.exd5 Nxd5 14.Be4 Be7 15.Nf4 Nxd4
16.Bxd4 O-O 17.Nxd5 exd5 18.Bxd5 Rc8 19.Qd3 Bg5+ 20.Kb1 Bb5 21.Qg6 {#r} 1-0

[Event "Olympiad"]
[Site "masterchessopen.com Haifa (Israel)"]
[Round "6"]
[White "Timman Jan H (NED)"]
[Black "Byrne Robert E (USA)"]
[Result "1-0"]
[WhiteElo "2550"]
[BlackElo "2540"]

1.e4 c5 2.Nf3 Nc6 3.d4 cxd4 4.Nxd4 Nf6 5.Nc3 d6 6.Bg5 e6 7.Qd2 a6 8.O-O-O h6
9.Be3 Bd7 10.f4 Be7 11.Bd3 b5 12.Kb1 O-O 13.h3 Nxd4 14.Bxd4 b4 15.Ne2 d5 16.e5
Ne8 17.g4 f6 18.h4 f5 19.Rdg1 Bb5 20.gxf5 Bxd3 21.Qxd3 Rxf5 22.Be3 Qc8 23.Nd4
Rf7 24.Rg6 Qc4 25.Nxe6 Qxd3 26.cxd3 Rc8 27.Rhg1 Bxh4 28.Rxh6 Be7 29.Rh5 {#r}
1-0

[Event "It (open)"]
[Site "masterchessopen.com Sandomier (Poland)"]
[Round "9"]
[White "Liangov Peter"]
[Black "Szymczak Zbigniew (POL)"]
[Result "0-1"]
[WhiteElo "2325"]
[BlackElo "2400"]

1.e4 c5 2.Nf3 d6 3.Nc3 Nc6 4.d4 cxd4 5.Nxd4 Nf6 6.Bg5 e6 7.Qd2 a6 8.O-O-O h6
9.Bf4 Bd7 10.Nxc6 Bxc6 11.f3 Qb6 12.Bxd6 O-O-O 13.Qf4 Bxd6 14.Rxd6 Rxd6
15.Qxd6 Rd8 16.Qf4 Nh5 17.Qh4 Qe3+ 18.Kb1 g5 19.Nd5 Rxd5 {#R} 0-1

[Event "?"]
[Site "masterchessopen.com Vrbas (Yugoslavia)"]
[Round "0"]
[White "Radulov Ivan (BUL)"]
[Black "Diaz Joaquin C (CUB)"]
[Result "1-0"]
[WhiteElo "2306"]
[BlackElo "2385"]

1.e4 c5 2.Nf3 d6 3.d4 cxd4 4.Nxd4 Nf6 5.Nc3 Nc6 6.Bg5 e6 7.Qd2 a6 8.O-O-O h6
9.Be3 Bd7 10.f3 Be7 11.Kb1 b5 12.Nxc6 Bxc6 13.Ne2 Rc8 14.Nd4 Bb7 15.g4 Nd7
16.Be2 Ne5 17.b3 Bf6 18.h4 Bxh4 19.g5 Ng6 20.gxh6 gxh6 21.Rdg1 Qf6 22.Qa5 Bg5
23.Bxb5+ axb5 24.Qxb5+ Kf8 25.Bxg5 Qxd4 26.Qxb7 Kg7 27.Bxh6+ {#r} 1-0

[Event "Izt (w)"]
[Site "masterchessopen.com Roosendaal (Netherlands)"]
[Date "1976.12.06"]
[Round "7"]
[White "Donaldson-A Elena (USA)"]
[Black "Gramignani Rita (ITA)"]
[Result "1-0"]
[WhiteElo "2375"]
[BlackElo "2025"]

1.e4 c5 2.Nf3 Nc6 3.d4 cxd4 4.Nxd4 Nf6 5.Nc3 d6 6.Bg5 e6 7.Qd2 a6 8.O-O-O h6
9.Be3 Bd7 10.f3 Be7 11.g4 Nxd4 12.Bxd4 e5 13.Be3 b5 14.Kb1 Bc6 15.h4 Qc7
16.Bh3 a5 17.g5 hxg5 18.hxg5 Nh5 19.Bg4 g6 20.Nd5 Bxd5 21.Qxd5 Rb8 22.Rh3 Kf8
23.Rdh1 Qc4 24.Qd2 Kg7 25.Qh2 {#r} 1-0

[Event "It (w)"]
[Site "masterchessopen.com Bydgoszcz (Poland)"]
[Round "12"]
[White "Wiese-Jozwiak Malgorzata (POL)"]
[Black "Jagodzinska Hanna"]
[Result "1-0"]
[WhiteElo "2205"]
[BlackElo "1910"]

1.e4 c5 2.Nf3 Nc6 3.d4 cxd4 4.Nxd4 Nf6 5.Nc3 d6 6.Bg5 e6 7.Qd2 a6 8.O-O-O Be7
9.f4 Qc7 10.Be2 Bd7 11.Bf3 O-O-O 12.Nb3 h6 13.Bh4 Be8 14.Bf2 Kb8 15.Qe3 b5
16.Kb1 Bd7 17.e5 Ne8 18.Qb6+ Qb7 19.Na5 Qxb6 20.Bxb6 Rc8 21.exd6 Nxd6 22.Ne4
Nxa5 23.Nxd6 Nc6 24.Nxc8 Kxc8 25.Rxd7 Kxd7 26.Rd1+ Bd6 27.Bc5 {#r} 1-0

[Event "Izt (w)"]
[Site "masterchessopen.com Rio de Janeiro (Brazil)"]
[Date "1979.10.12"]
[Round "13"]
[White "Khadilkar Jayshree (IND)"]
[Black "Eretova Kveta (CZE)"]
[Result "0-1"]
[WhiteElo "2120"]
[BlackElo "2104"]

1.e4 c5 2.Nf3 d6 3.d4 cxd4 4.Nxd4 Nf6 5.Nc3 Nc6 6.Bg5 e6 7.Qd2 a6 8.O-O-O h6
9.Bxf6 Qxf6 10.Nb3 Qd8 11.f4 Be7 12.Be2 Bd7 13.Kb1 b5 14.Bxb5 axb5 15.Nxb5 O-O
16.Nxd6 Ra7 17.Rhe1 Qb6 18.g4 Rb8 19.Qe3 Nb4 20.Qxb6 Rxb6 21.Nc4 Rb8 22.a3 Na6
23.Re3 Ba4 24.Nc1 Rc7 25.Rc3 Bb5 26.Rd4 Bc5 27.Rd2 Ba7 28.Nd6 Rxc3 29.bxc3 Be3
{#R} 0-1

[Event "It (w)"]
[Site "masterchessopen.com Halle (Germany)"]
[Round "11"]
[White "Saunina Ludmila (RUS)"]
[Black "Eretova Kveta (CZE)"]
[Result "1-0"]
[WhiteElo "2274"]
[BlackElo "2104"]

1.e4 c5 2.Nf3 d6 3.d4 cxd4 4.Nxd4 Nf6 5.Nc3 Nc6 6.Bg5 e6 7.Qd2 a6 8.O-O-O h6
9.Be3 Bd7 10.f4 b5 11.Bd3 Nxd4 12.Bxd4 Bc6 13.Rhe1 Be7 14.Kb1 Qc7 15.Qe3 b4
16.Bxf6 Bxf6 17.Nd5 Qb7 18.Nxf6+ gxf6 19.Qd4 Ke7 20.e5 fxe5 21.fxe5 d5 22.Rf1
Raf8 23.Rf6 a5 24.Rdf1 Ke8 25.Qc5 Bd7 26.Bg6 Qb5 27.Rxe6+ Kd8 28.Qe7+ Kc8
29.Bd3 {#r} 1-0

[Event "It (open)"]
[Site "masterchessopen.com Copenhagen (Denmark)"]
[Round "0"]
[White "Mihalcisin Adrian (SLO)"]
[Black "Csom Istvan (HUN)"]
[Result "1-0"]
[WhiteElo "2490"]
[BlackElo "2510"]

1.e4 c5 2.Nf3 d6 3.d4 cxd4 4.Nxd4 Nf6 5.Nc3 Nc6 6.Bg5 e6 7.Qd2 a6 8.O-O-O h6
9.Be3 Qc7 10.f4 Be7 11.Be2 Na5 12.e5 dxe5 13.fxe5 Nd5 14.Nxe6 Bxe6 15.Nxd5
Bxd5 16.Qxd5 Rc8 17.c3 O-O 18.Bd3 Rfe8 19.e6 Bf8 20.exf7+ Qxf7 21.Bh7+ {#r}
1-0

[Event "It"]
[Site "masterchessopen.com Lone Pine (USA)"]
[Round "0"]
[White "Geller Efim P (RUS)"]
[Black "Ivanovic Bozidar (MNE)"]
[Result "1-0"]
[WhiteElo "2565"]
[BlackElo "2440"]

1.e4 c5 2.Nf3 Nc6 3.d4 cxd4 4.Nxd4 Nf6 5.Nc3 d6 6.Bg5 e6 7.Qd2 a6 8.O-O-O Qc7
9.Be2 Bd7 10.Bxf6 gxf6 11.Bh5 Rg8 12.f4 Nxd4 13.Qxd4 O-O-O 14.Bxf7 Rxg2 15.Rd3
Bh6 16.Qxf6 ( 16.Rg3 Rxg3 17.hxg3 { P } ) 16...Bg7 17.Qh4 Rf8 18.Qh3 Rxc2+
19.Kxc2 Rxf7 20.Kb1 Kb8 21.Rc1 Qb6 22.e5 Rxf4 23.Rxd6 Bc6 24.Qxe6 Qc5 25.Ne2
Be4+ 26.Ka1 Qe3 27.Qc8+ Ka7 28.Nxf4 Bxe5 29.Nd5 {#r} 1-0

[Event "Olympiad"]
[Site "masterchessopen.com Malta"]
[Round "0"]
[White "Tal Mikhail N (LAT)"]
[Black "Radulov Ivan (BUL)"]
[Result "1-0"]
[WhiteElo "2705"]
[BlackElo "2465"]

1.e4 c5 2.Nf3 d6 3.d4 cxd4 4.Nxd4 Nf6 5.Nc3 Nc6 6.Bg5 e6 7.Qd2 a6 8.O-O-O h6
9.Be3 Nxd4 10.Bxd4 b5 11.f4 b4 12.Bxf6 Qxf6 13.Ne2 Rb8 14.Nd4 Rb6 15.Bc4 g6
16.Bb3 Bd7 17.Nf3 a5 18.Ne5 Bb5 19.Ng4 Qg7 20.e5 Be7 21.Qd4 Bd8 22.Nf6+ Kf8
23.Bc4 Be8 24.g4 g5 25.Nh5 Qg8 26.exd6 Rb7 27.f5 exf5 28.Rhe1 {#r} 1-0

[Event "Ch Russia"]
[Site "masterchessopen.com Russia"]
[Round "0"]
[White "Kim Victor (RUS)"]
[Black "Khasin Abram (RUS)"]
[Result "1-0"]
[WhiteElo "2089"]
[BlackElo "2390"]

1.e4 c5 2.Nf3 d6 3.d4 cxd4 4.Nxd4 Nf6 5.Nc3 Nc6 6.Bg5 e6 7.Qd2 a6 8.O-O-O h6
9.Be3 Nxd4 10.Bxd4 b5 11.f3 Be7 12.h4 Bb7 13.g4 b4 14.Na4 Bc6 15.Nb6 Rb8
16.Nc4 d5 17.Ne5 Bb7 18.g5 hxg5 19.hxg5 Rxh1 20.gxf6 gxf6 21.Bb5+ axb5 22.Rxh1
Qd6 23.Rh8+ Bf8 24.Qf4 Ra8 25.Qxf6 Qc7 26.Qf4 dxe4 27.fxe4 Qe7 {#r} 1-0

[Event "Ch URS (1/2 final)"]
[Site "masterchessopen.com Tallinn (Estonia)"]
[Round "0"]
[White "Dvoirys Semen I (RUS)"]
[Black "Kremenietsky Anatoly M (RUS)"]
[Result "1-0"]
[WhiteElo "2598"]
[BlackElo "2364"]

1.e4 c5 2.Nf3 Nc6 3.d4 cxd4 4.Nxd4 Nf6 5.Nc3 d6 6.Bg5 e6 7.Qd2 a6 8.O-O-O h6
9.Bf4 Bd7 10.Nxc6 Bxc6 11.Qe1 Qa5 12.Bc4 Be7 13.Bb3 Qc7 14.f3 b5 15.e5 dxe5
16.Bxe5 Qb7 17.Ne2 a5 18.c3 a4 19.Bc2 O-O 20.Qg3 Rfc8 21.a3 Ne8 22.Nf4 Bf6
23.Nd3 Be7 24.Rd2 f6 25.Qg6 fxe5 26.Qxe6+ Kh8 27.Nxe5 Nf6 28.Nf7+ {#r} 1-0

[Event "?"]
[Site "masterchessopen.com URS"]
[Round "0"]
[White "Kupreichik Viktor D (BLR)"]
[Black "Piesina Gintautas (LTU)"]
[Result "1-0"]
[WhiteElo "2535"]
[BlackElo "2325"]

1.e4 c5 2.Nf3 Nc6 3.d4 cxd4 4.Nxd4 Nf6 5.Nc3 d6 6.Bg5 e6 7.Qd2 a6 8.O-O-O h6
9.Be3 Bd7 10.f3 b5 11.g4 Ne5 12.Bd3 b4 13.Nce2 d5 14.Ng3 Nxd3+ 15.Qxd3 e5
16.exd5 exd4 17.Rhe1 Nxd5 18.Bg5+ Ne7 19.Bxe7 Bxe7 20.Qxd4 Qc7 21.Nh5 Rg8
22.Nf4 Bc6 23.Qc4 Rc8 24.Ng6 Bb7 25.Nxe7 {#r} 1-0

[Event "?"]
[Site "masterchessopen.com Bulgaria"]
[Round "0"]
[White "Matulovic Milan (SRB)"]
[Black "Radulov Ivan (BUL)"]
[Result "1-0"]
[WhiteElo "2495"]
[BlackElo "2450"]

1.e4 c5 2.Nf3 Nc6 3.d4 cxd4 4.Nxd4 Nf6 5.Nc3 d6 6.Bg5 e6 7.Qd2 a6 8.O-O-O h6
9.Bf4 Bd7 10.Nxc6 Bxc6 11.Qe1 Qa5 12.f3 O-O-O 13.Bc4 Qc7 14.a3 Be7 15.Kb1 Rhe8
16.Ba2 Bf8 17.h4 Nd7 18.Qg3 Nb6 19.Rd3 Kb8 20.Rhd1 Nc8 21.Be3 g6 22.Ne2 Bg7
23.Bd4 Bxd4 24.Nxd4 h5 25.Rc3 d5 26.Nxc6+ {#r} 1-0

[Event "Ch Brazil"]
[Site "masterchessopen.com Sao Luis (Brazil)"]
[Round "1"]
[White "Braga Cicero (BRA)"]
[Black "Tsuboi Edson Kenji (BRA)"]
[Result "1-0"]
[WhiteElo "2416"]
[BlackElo "2350"]

1.e4 c5 2.Nc3 Nc6 3.Nge2 d6 4.d4 cxd4 5.Nxd4 Nf6 6.Bg5 e6 7.Qd2 a6 8.O-O-O h6
9.Be3 Bd7 10.f3 Rc8 11.g4 Qa5 12.Kb1 Ne5 13.h4 b5 14.Nd5 Qxd2 15.Nxf6+ Ke7
16.Bxd2 Kxf6 17.Be2 Kg6 18.f4 Nc4 19.Bc1 e5 20.Nf5 Bxf5 21.exf5+ Kh7 22.Bf3
Rc7 23.g5 exf4 24.Bxf4 Ne5 25.Be4 Rc4 26.Rhe1 h5 27.b3 {#r} 1-0

[Event "It \"]
[Site "masterchessopen.com Habana (Cuba)"]
[Round "11"]
[White "Sieiro-Gonzalez Luis (CUB)"]
[Black "Chaviano Miguel (CUB)"]
[Result "1-0"]
[WhiteElo "2323"]
[BlackElo "2183"]

1.e4 c5 2.Nf3 Nc6 3.d4 cxd4 4.Nxd4 Nf6 5.Nc3 d6 6.Bg5 e6 7.Qd2 a6 8.O-O-O h6
9.Be3 Nxd4 10.Bxd4 b5 11.f4 b4 12.Bxf6 Qxf6 13.Ne2 a5 14.e5 dxe5 15.fxe5 Qg5
16.Nf4 Be7 17.Bb5+ Kf8 18.Rhf1 g6 19.h4 Qg4 20.Be2 Qf5 21.Bd3 {#r} 1-0

[Event "?"]
[Site "masterchessopen.com Hungary"]
[Round "0"]
[White "Hazai Laszlo (HUN)"]
[Black "Szabo Laszlo (HUN)"]
[Result "1-0"]
[WhiteElo "2470"]
[BlackElo "1903"]

1.e4 c5 2.Nf3 d6 3.d4 cxd4 4.Nxd4 Nf6 5.Nc3 Nc6 6.Bg5 e6 7.Qd2 a6 8.O-O-O h6
9.Be3 Bd7 10.f4 b5 11.Bd3 Rc8 12.Kb1 Na5 13.e5 b4 14.Nce2 dxe5 15.fxe5 Nd5
16.Rhf1 Nc4 17.Bxc4 Rxc4 18.Nf4 Nxe3 19.Qxe3 Bc5 20.Ng6 Rxd4 21.Rxd4 fxg6
22.Qe4 Qe7 23.Rxd7 Qxd7 24.Qa8+ Qd8 25.Qc6+ Qd7 26.Qxc5 Qb7 27.Qd6 Qc8 28.Qxb4
g5 29.a3 {#r} 1-0

[Event "It (juniors) (under 20)"]
[Site "masterchessopen.com Zug (Switzerland)"]
[Round "10"]
[White "Arnason Jon L (ISL)"]
[Black "Trepp Markus (SUI)"]
[Result "1-0"]
[WhiteElo "2460"]
[BlackElo "2375"]

1.e4 c5 2.Nf3 Nc6 3.d4 cxd4 4.Nxd4 Nf6 5.Nc3 d6 6.Bg5 e6 7.Qd2 a6 8.O-O-O h6
9.Be3 Bd7 10.f3 b5 11.Nxc6 Bxc6 12.h4 Qc7 13.Rg1 Qb7 14.g4 Nd7 15.g5 hxg5
16.hxg5 Nc5 17.Bg2 Be7 18.Nd5 exd5 19.exd5 Bd7 20.Bxc5 dxc5 21.d6 Bd8 22.f4
Qa7 23.Rh1 Rg8 24.Qd5 Rc8 25.g6 Bc6 26.d7+ Qxd7 27.Rhe1+ {#r} 1-0

[Event "It (juniors) (under 20)"]
[Site "masterchessopen.com Zug (Switzerland)"]
[Round "7"]
[White "Iten Peter (SUI)"]
[Black "Trepp Markus (SUI)"]
[Result "0-1"]
[WhiteElo "2255"]
[BlackElo "2375"]

1.e4 c5 2.Nf3 Nc6 3.d4 cxd4 4.Nxd4 Nf6 5.Nc3 d6 6.Bg5 e6 7.Qd2 a6 8.O-O-O h6
9.Bf4 Bd7 10.Nxc6 Bxc6 11.Qe1 Qa5 12.h4 Rd8 13.Rh3 Be7 14.Rhd3 Qc7 15.f3 b5
16.g4 b4 17.Ne2 e5 18.Bh2 Rc8 19.R1d2 Nd7 20.g5 hxg5 21.Ng3 Nc5 22.Re3 Bd7
23.Bc4 Rxh4 {#R} 0-1

[Event "It (open)"]
[Site "masterchessopen.com Caorle (Italy)"]
[Round "2"]
[White "Rabczewski Adam"]
[Black "Ceschia Ivano (ITA)"]
[Result "0-1"]
[WhiteElo "2000"]
[BlackElo "2316"]

1.e4 c5 2.Nf3 d6 3.d4 cxd4 4.Nxd4 Nf6 5.Nc3 Nc6 6.Bg5 e6 7.Qd2 a6 8.O-O-O h6
9.Bh4 Nxe4 10.Qf4 Ng5 11.Nxc6 bxc6 12.Ne4 d5 13.Bxg5 hxg5 14.Nxg5 f6 15.Nf3
Bd6 16.Qg4 g5 17.g3 e5 18.Qa4 Bd7 19.c4 Ke7 20.Qc2 Qa5 21.Kb1 Rab8 22.Nd2 Qb4
23.cxd5 Bf5 24.Ne4 Bxe4 25.Bd3 Bxh1 {#R} 0-1

[Event "Ch Russia"]
[Site "masterchessopen.com Sverdlovsk (Russia)"]
[Round "4"]
[White "Petrushin Alexander I (RUS)"]
[Black "Vekshenkov Nikolai (RUS)"]
[Result "1-0"]
[WhiteElo "2390"]
[BlackElo "2416"]

1.e4 c5 2.Nf3 d6 3.d4 cxd4 4.Nxd4 Nf6 5.Nc3 Nc6 6.Bg5 e6 7.Qd2 a6 8.O-O-O h6
9.Be3 Be7 10.f4 Nxd4 11.Qxd4 Qc7 12.Be2 e5 13.fxe5 dxe5 14.Qa4+ Bd7 15.Rxd7
Nxd7 16.Nd5 Qd6 17.Rd1 Rd8 18.Bg4 h5 19.Bf5 Kf8 20.Nc3 b5 21.Rxd6 bxa4 22.Rxd7
Rxd7 23.Bxd7 a3 24.Nd5 {#r} 1-0

[Event "Ch URS (1 liga)"]
[Site "masterchessopen.com URS"]
[Round "0"]
[White "Petrushin Alexander I (RUS)"]
[Black "Khasin Alexander (RUS)"]
[Result "1-0"]
[WhiteElo "2390"]
[BlackElo "2420"]

1.e4 c5 2.Nf3 Nc6 3.d4 cxd4 4.Nxd4 Nf6 5.Nc3 d6 6.Bg5 e6 7.Qd2 a6 8.O-O-O h6
9.Be3 Be7 10.f4 Qc7 11.Be2 Bd7 12.g4 b5 13.g5 hxg5 14.fxg5 Nh5 15.Nxc6 Bxc6
16.Qd4 Rc8 17.Rhf1 b4 18.Qxb4 d5 19.Qd4 e5 20.Qd3 d4 21.Qc4 Bd8 22.Bg4 dxe3
23.Bd7+ {#r} 1-0

[Event "?"]
[Site "masterchessopen.com Belgium"]
[Round "0"]
[White "De Wit Johannes S (NED)"]
[Black "Winants Luc (BEL)"]
[Result "1-0"]
[WhiteElo "2402"]
[BlackElo "2350"]

1.e4 c5 2.Nf3 d6 3.d4 cxd4 4.Nxd4 Nf6 5.Nc3 Nc6 6.Bg5 e6 7.Qd2 a6 8.O-O-O h6
9.Be3 Be7 10.f4 Nxd4 11.Qxd4 Qc7 12.Be2 b5 13.e5 dxe5 14.Qxe5 Qb8 15.Bf3 Bb7
16.Nxb5 O-O 17.Nc7 Bxf3 18.gxf3 Ra7 19.Nxe6 {#r} 1-0

[Event "Ch Germany (juniors) (under 20)"]
[Site "masterchessopen.com Germany"]
[Round "9"]
[White "Gallinnis Norbert (GER)"]
[Black "Schlosser Philipp (GER)"]
[Result "0-1"]
[WhiteElo "2311"]
[BlackElo "2591"]

1.e4 c5 2.Nf3 Nc6 3.d4 cxd4 4.Nxd4 Nf6 5.Nc3 d6 6.Bg5 e6 7.Qd2 a6 8.O-O-O h6
9.Bf4 Bd7 10.Bg3 Rc8 11.Nb3 b5 12.a3 Ne5 13.Qd4 Qc7 14.f4 Nc6 15.Qd2 b4
16.axb4 Nxb4 17.Kb1 Bc6 18.Bd3 Be7 19.e5 dxe5 20.fxe5 Nh5 21.Qf2 Nxg3 22.Qxg3
O-O 23.Rhe1 Rfd8 24.Qf2 Rb8 25.Be4 Rxd1+ 26.Nxd1 Rb7 27.Qd4 Bxe4 28.Qxe4 Rb5
29.Qa8+ Bf8 {#R} 0-1

[Event "It (open)"]
[Site "masterchessopen.com Brocco (Switzerland)"]
[Round "0"]
[White "Krieger Hermann (GER)"]
[Black "Lobron Eric (GER)"]
[Result "0-1"]
[WhiteElo "2200"]
[BlackElo "2530"]

1.e4 c5 2.Nf3 d6 3.d4 cxd4 4.Nxd4 Nf6 5.Nc3 Nc6 6.Bg5 e6 7.Qd2 a6 8.O-O-O h6
9.Be3 Bd7 10.Be2 b5 11.f3 Ne5 12.g4 b4 13.Nb1 d5 14.exd5 Nxd5 15.f4 Be7 16.Nf5
Nxe3 17.Nxg7+ Kf8 18.Qxe3 Kxg7 19.Qxe5+ Bf6 20.Qe4 Qc7 21.Rhg1 Bc6 22.Qc4 Rad8
23.Bf3 Qb6 24.Bxc6 Qe3+ 25.Nd2 Rxd2 26.Rxd2 Qxg1+ {#R} 0-1

[Event "It"]
[Site "masterchessopen.com Coimbatore (India)"]
[Round "0"]
[White "Mithrakanth Poorna Sharma (IND)"]
[Black "Geller Efim P (RUS)"]
[Result "1-0"]
[WhiteElo "2310"]
[BlackElo "2515"]

1.e4 c5 2.Nf3 d6 3.d4 cxd4 4.Nxd4 Nf6 5.Nc3 Nc6 6.Bg5 e6 7.Qd2 a6 8.O-O-O h6
9.Bf4 Bd7 10.Nb3 b5 11.a3 b4 12.axb4 Nxb4 13.Bxd6 Rc8 14.Bxf8 Kxf8 15.f3 Qc7
16.Kb1 Ke7 17.Qd4 a5 18.e5 Nfd5 19.Nxd5+ Nxd5 20.c4 Rhd8 21.cxd5 Qc2+ 22.Ka2
a4 23.Na1 Qc5 24.Ba6 Qxd4 25.Rxd4 Rc5 26.d6+ Ke8 27.Re1 Rb8 28.Re2 {#r} 1-0

[Event "Ch Norway"]
[Site "masterchessopen.com Asker (Norway)"]
[Round "1"]
[White "Thorgersen Trond M (NOR)"]
[Black "Groenn Atle (NOR)"]
[Result "0-1"]
[WhiteElo "2255"]
[BlackElo "2378"]

1.e4 c5 2.Nf3 Nc6 3.d4 cxd4 4.Nxd4 Nf6 5.Nc3 d6 6.Bg5 e6 7.Qd2 a6 8.O-O-O h6
9.Bh4 Nxe4 10.Nxe4 Qxh4 11.f3 d5 12.g3 Qd8 13.Nxc6 bxc6 14.h4 Qb6 15.Nc3 Rb8
16.Na4 Qb4 17.b3 Qa3+ 18.Nb2 Qxa2 19.Qc3 Bb4 20.Qxc6+ Bd7 21.Qxa6 Ba3 22.Kd2
Qxb2 23.Bd3 Bb4+ 24.Ke2 Qe5+ 25.Kf2 O-O {#R} 0-1

[Event "It (open)"]
[Site "masterchessopen.com Bela Crkva (Yugoslavia)"]
[Round "0"]
[White "Lazic Dragoljub (SRB)"]
[Black "Ruban Vadim (RUS)"]
[Result "0-1"]
[WhiteElo "2295"]
[BlackElo "2515"]

1.e4 c5 2.Nf3 d6 3.d4 cxd4 4.Nxd4 Nf6 5.Nc3 Nc6 6.Bg5 e6 7.Qd2 a6 8.O-O-O h6
9.Be3 Nxd4 10.Bxd4 b5 11.f4 Be7 12.Be2 b4 13.Na4 Nxe4 14.Qe3 Nf6 15.Bf3 Rb8
16.Ba7 Bd7 17.Bxb8 Qxb8 18.Qb6 O-O 19.Qxb8 Rxb8 20.b3 Bxa4 21.bxa4 Nd7 22.a5
Nc5 23.Rhe1 Rb5 24.Bd5 Rxa5 25.Bc4 Kf8 26.Re3 d5 27.Bb3 Bf6 {#R} 0-1